1594 1107 1940 1422 1254 1838 1092 1561 1684 1097 1764 1364 1865 1637 1634 1098 1226 1873 1376 1193 1190 1929 1740 1623 1085 1093 1069 1205 1969 1806 1872 1831 1110 1263 1998 1116 1487 1471 1535 1650 1815 1469 1202 1819 1517 1773 1529 1487 1305 1125 1206 1492 1286 1921 1057 1441 1315 1757 1584 1687 1200 1490 1061 1368 1727 1671 1736 1627 1126 1844 1118 1057 1193 1951 1390 1879 1096 1318 1346 1526 1181 1006 1360 1940 1181 1672 1066 1733 1544 1038 1320 1523 1286 1575 1529 1705 1297 1627 1345 BCNSPRNW ULIB Ver.6.0+V

เปลี่ยนเป็นภาษาไทย

Change to English
 แสดงรายละเอียดบรรณานุกรม
  กลับหน้าหลัก

Brief Record : Get Marc (ISO 2709) : E-mail record : QR code < ปิดหน้าต่าง
LEADER : 00000nam 2200000uu 4500
001    13399121465
003     ULIB
008    121120s2546||||th 000 0 tha d
020    ^a9789749167779
090    ^aรส^bช357พ 2546
100 0  ^aชัชรินทร์ ไชยวัฒน์
245 10 ^aพญาโหงบนโลงแก้วและงานคัดสรร /^cชัชรินทร์ ไชยวัฒน์
250    ^aพิมพ์ครั้งที่ 1
260    ^aกรุงเทพฯ :^bมูลนิธิสถาบันวิชาการ 14 ตุลา,^c2546
300    ^a160 หน้า ;^c21 ซม.
490 0  ^aหนังสือชุด''ตุลาวรรณกรรม''
500    ^aฉลองครบรอบ 30 ปี 14 ตุลา : 2516-2546 ร่วมวาระประวัติศาสตร์''''วัน 14 ตุลา ประชาธิปไตย''''
650  4 ^aเรื่องสั้น^xรวมเรื่อง
650  4 ^aเรื่องสั้นไทย
650  4 ^aกวีนิพนธ์^xรวมเรื่อง
650  4 ^aกวีนิพนธ์ไทย^xรวมเรื่อง
710 2  ^aมูลนิธิสถาบันวิชาการ 14 ตุลา
945    ^p0^l0^i14358
995    ^aกัณชพร
999    ^aกัณชพร
รายการนี้ยังไม่มีแท็ก
คุณยังไม่ได้ล็อกอิน คุณสามารถมีกิจกรรมร่วมกับเว็บไซต์ได้ แต่ต้องล็อกอินก่อน ::
  ล็อกอิน

รายการสื่อสารสนเทศ

ลำดับที่ ประเภท เลขเรียก/บาร์โค้ด สถานที่ สถานะ
1. นวนิยาย
นวนิยาย
รส ช357พ 2546  
  Barcode: 14358
ห้องสมุดวิทยาเขตสวรรค์ประชารักษ์
►นวนิยาย
บนชั้น
  ขอยืม

รายการใกล้เคียง
    หัวเรื่อง [เรื่องสั้น รวมเรื่อง]
    หัวเรื่อง [เรื่องสั้นไทย]

BibComment


ยังไม่เคยถูกคอมเมนท์

คอมเมนท์ทรัพยากรรายการนี้
  คอมเมนท์: พญาโหงบนโลงแก้วแ..


 Copyright 2026. Bcnsprnw @Library